Reforma agraria, participación y migraciones

Bewaard in:
Bibliografische gegevens
Hoofdauteur: Argüello, Omar
Formaat: Texto
Gepubliceerd in: Santiago: Programa de Activiades Conjuntas ELAS-CELADE
Tags: Voeg label toe
Geen labels, Wees de eerste die dit record labelt!

MARC

LEADER 00000 a a2200000 04500
001 15792
003
040 |a CRAI/IIS  |c CRAI/IIS 
090 |a 015500  
100 |a Argüello, Omar  
245 |a Reforma agraria, participación y migraciones  
260 |a Santiago:   |b Programa de Activiades Conjuntas ELAS-CELADE  
300 |a 2; 180 p.  
999 |c 2524  |d 2524